• 首页
  • 本馆介绍
  • 公告通知
  • 最新文献
  • 馆藏检索
  • 电子资源
  • 读者导购
  • 参考咨询
  • 我的图书馆
  • 登录
  • 详细信息显示
  • 放入我的书架
  • 预约/预借图书
  • 作者相关作品
  • 分类相关作品
  • 丛书相关作品
  • 出版社相关作品

书目信息

  • 表格格式
  • 工作单格式
  • 卡片格式
题名:
二十五史名句鉴赏辞典
    
 
作者: 天人 , 宋钢 主编
分册:  
出版信息: 呼和浩特   内蒙古人民出版社  2000.06
页数: 572页
开本: 32开
丛书名: 中国经典名句鉴赏丛书
单 册:
中图分类: K204.1-61
科图分类:
主题词: 中国--通史
电子资源:
ISBN: 7-204-05239-0
000 00731nam0 2200241 45
001 0210281534
005 20031219104059.3
010    @a7-204-05239-0@dCNY29.00
100    @a20021028d2000 km y0chiy0120 ea
101 0  @achi
105    @a z 001yy
200 1  @a二十五史名句鉴赏辞典@AEr Shi Wu Shi Ming Ju Jian Shang Ci Dian@f天人,宋钢主编@FTian Ren,Song Gang Zhu Bian
210    @a呼和浩特@c内蒙古人民出版社@d2000.06
215    @a572页@d32开
225    @a中国经典名句鉴赏丛书
320    @a书末附:条目拼音索引
410    @12001 @a中国经典名句鉴赏丛书
606 0  @a中国@x通史
690    @aK204.1-61@v4
701    @a天人@4主编
701  0 @a宋钢@4主编
801    @aCN@bTSTC@c20021028
905    @b316281-282@dK204.1-61@e84@f2
    
    二十五史名句鉴赏辞典/天人,宋钢主编.-呼和浩特:内蒙古人民出版社,2000.06
    572页;32开.-(中国经典名句鉴赏丛书)
    
    
    ISBN 7-204-05239-0:CNY29.00
    
●
相关链接 在E读中查询图书 在五车中查询图书 在当当中查询图书 在豆瓣中查询图书


正题名:二十五史名句鉴赏辞典     索取号:K204.1-61/84         预约/预借

序号 登录号 条形码 馆藏地/架位号 状态 备注
1 0316281   203162816   第二借阅区/ [索取号:K204.1-61/84] 在馆    
2 0316282   203162825   第二样本阅览室/ [索取号:K204.1-61/84] 在馆    
唐山师范学院图书馆 欢迎您!
大连网信软件有限公司© 版权所有